Mercadotecnia / Philip Kotler (Registro nro. 14781)
[ vista simple ]
| 000 -LÍDER | |
|---|---|
| fixed length control field | 00516nam a2200181 4500 |
| 008 - ELEMENTOS DE LONGITUD FIJA -- INFORMACIÓN GENERAL | |
| fixed length control field | 0 1989 0a 000 0MEX |
| 020 ## - NÚMERO INTERNACIONAL NORMALIZADO PARA LIBROS | |
| ISBN | 968-880-156-9 |
| 050 ## - SIGNATURA TOPOGRAFICA DE LA BIBLIOTECA DEL CONGRESO (LC) | |
| Número de Clasificación | HF5415 K67518 1989 |
| 082 ## - NUMERO DE CLASIFICACION DECIMAL DEWEY | |
| Número de Clasificación | 658.83 K254m |
| 100 ## - ASIENTO PRINCIPAL--NOMBRE PERSONAL | |
| Nombre personal | Kotler, Philip |
| 245 ## - TÍTULO | |
| Título | Mercadotecnia / Philip Kotler |
| 250 ## - MENCIÓN DE EDICIÓN | |
| Mención de edición | 3a ed. |
| 260 ## - PUBLICACIÓN, DISTRIBUCIÓN, ETC. (PIE DE IMPRENTA) | |
| Lugar de publicación, distribución, etc. | México : Prentice Hall |
| 300 ## - DESCRIPCIÓN FÍSICA | |
| Extensión | xxii, 746 p. / 25 cm. |
| 500 ## - NOTA GENERAL | |
| Nota general | Incluye índice, glosario y ap‚ndice |
| 650 ## - ASIENTO SECUNDARIO DE MATERIA - TERMINO TEMÁTICO | |
| Término temático o nombre geográfico como elemento de entrada | 1.Mercadotecnia |
| 700 ## - ASIENTO SECUNDARIO - NOMBRE PERSONAL | |
| Nombre personal | Salazar, José Manuel, Tr. |
| No. biblioteca | No. biblioteca | Número de clasificación | Código de barras/Número de adquisición | Número de copia | Tipo de material |
|---|---|---|---|---|---|
| LUIS G. INCLAN | LUIS G. INCLAN | 658.83 K254m | 31786 | 1 | Libros |
| LUIS G. INCLAN | LUIS G. INCLAN | 658.83 K254m | 24220 | 15 | Libros |
| LUIS G. INCLAN | LUIS G. INCLAN | 658.83 K254m | 23432 | 12 | Libros |
| LUIS G. INCLAN | LUIS G. INCLAN | 658.83 K254m | 13950 | 1 | Libros |
| LUIS G. INCLAN | LUIS G. INCLAN | 658.83 K254m | 23743 | 13 | Libros |
